|
|
|
|
| LEADER |
01920nam a22004575i 4500 |
| 001 |
978-1-4419-1399-9 |
| 003 |
DE-He213 |
| 005 |
20150519181934.0 |
| 007 |
cr nn 008mamaa |
| 008 |
100318s2010 xxu| s |||| 0|eng d |
| 020 |
|
|
|a 9781441913999
|9 978-1-4419-1399-9
|
| 024 |
7 |
|
|a 10.1007/978-1-4419-1399-9
|2 doi
|
| 040 |
|
|
|d GrThAP
|
| 050 |
|
4 |
|a RE1-994
|
| 072 |
|
7 |
|a MJQ
|2 bicssc
|
| 072 |
|
7 |
|a MED063000
|2 bisacsh
|
| 082 |
0 |
4 |
|a 617.7
|2 23
|
| 245 |
1 |
0 |
|a Retinal Degenerative Diseases
|h [electronic resource] :
|b Laboratory and Therapeutic Investigations /
|c edited by Robert E. Anderson, Joe G. Hollyfield, Matthew M. LaVail.
|
| 250 |
|
|
|a 1st.
|
| 264 |
|
1 |
|a New York, NY :
|b Springer New York,
|c 2010.
|
| 300 |
|
|
|a XLVII, 808p. 100 illus.
|b online resource.
|
| 336 |
|
|
|a text
|b txt
|2 rdacontent
|
| 337 |
|
|
|a computer
|b c
|2 rdamedia
|
| 338 |
|
|
|a online resource
|b cr
|2 rdacarrier
|
| 347 |
|
|
|a text file
|b PDF
|2 rda
|
| 490 |
1 |
|
|a Advances in Experimental Medicine and Biology,
|x 0065-2598 ;
|v 664
|
| 505 |
0 |
|
|a Basic Science Underlying Retinal Degeneration -- Molecular Genetics and Candidate Genes -- Diagnostic, Clinical, Cytopathological and Physiologic Aspects of Retinal Degeneration -- Macular Degeneration -- Animal Models of Retinal Degeneration -- Neuroprotection and Gene Therapy.
|
| 650 |
|
0 |
|a Medicine.
|
| 650 |
|
0 |
|a Ophthalmology.
|
| 650 |
1 |
4 |
|a Medicine & Public Health.
|
| 650 |
2 |
4 |
|a Ophthalmology.
|
| 700 |
1 |
|
|a Anderson, Robert E.
|e editor.
|
| 700 |
1 |
|
|a Hollyfield, Joe G.
|e editor.
|
| 700 |
1 |
|
|a LaVail, Matthew M.
|e editor.
|
| 710 |
2 |
|
|a SpringerLink (Online service)
|
| 773 |
0 |
|
|t Springer eBooks
|
| 776 |
0 |
8 |
|i Printed edition:
|z 9781441913982
|
| 830 |
|
0 |
|a Advances in Experimental Medicine and Biology,
|x 0065-2598 ;
|v 664
|
| 856 |
4 |
0 |
|u http://dx.doi.org/10.1007/978-1-4419-1399-9
|z Full Text via HEAL-Link
|
| 912 |
|
|
|a ZDB-2-SBL
|
| 950 |
|
|
|a Biomedical and Life Sciences (Springer-11642)
|